ស្ថានភាពអនុវត្តផែនការអាជីវកម្មនេសាទរបស់អង្គផាពនេសាទរដ្ឋលើកដែក (Record no. 3551)

000 -LEADER
fixed length control field 00564nam a22001577a 4500
003 - CONTROL NUMBER IDENTIFIER
control field OSt
005 - DATE AND TIME OF LATEST TRANSACTION
control field 20151117154845.0
008 - FIXED-LENGTH DATA ELEMENTS--GENERAL INFORMATION
fixed length control field 151117b xxu||||| |||| 00| 0 eng d
040 ## - CATALOGING SOURCE
Transcribing agency RUA
082 ## - DEWEY DECIMAL CLASSIFICATION NUMBER
Classification number FIS ឌុល 1991 B145 Or.1
100 ## - MAIN ENTRY--PERSONAL NAME
9 (RLIN) 3818
Personal name ឌុល សំំអាង
245 ## - TITLE STATEMENT
Title ស្ថានភាពអនុវត្តផែនការអាជីវកម្មនេសាទរបស់អង្គផាពនេសាទរដ្ឋលើកដែក
260 ## - PUBLICATION, DISTRIBUTION, ETC. (IMPRINT)
Place of publication, distribution, etc. Phnom Penh
Name of publisher, distributor, etc. RUA
Date of publication, distribution, etc. 1991
300 ## - PHYSICAL DESCRIPTION
Extent 83p.
Other physical details ill.
Dimensions 29cm.
942 ## - ADDED ENTRY ELEMENTS (KOHA)
Source of classification or shelving scheme
Koha item type FIS
Holdings
Price effective from Date last seen Permanent Location Not for loan Date acquired Source of classification or shelving scheme Koha item type Barcode Lost status Damaged status Shelving location Withdrawn status Current Location Full call number
2015-11-172015-11-17Library Block B 2015-11-17 FISRUA037556  B145 Library Block BFIS ឌុល 1991 B145 Or.1
2015-11-172015-11-17Library Block B 2015-11-17 FISRUA037603  B145 Library Block BFIS ឌុល 1991 B145 Or.2
2015-11-172015-11-17Library Block B 2015-11-17 FISRUA012751  B145 Library Block BFIS ឌុល 1991 B145 Or.3
2015-11-172015-11-17Library Block B 2015-11-17 FISRUA012644  B145 Library Block BFIS ឌុល 1991 B145 Or.4
2015-11-172015-11-17Library Block B 2015-11-17 FISRUA012319  B145 Library Block BFIS ឌុល 1991 B145 Or.5
2015-11-172015-11-17Library Block B 2015-11-17 FISRUA012607  B145 Library Block BFIS ឌុល 1991 B145 Or.6
2015-11-172015-11-17Library Block B 2015-11-17 FISRUA037065  B145 Library Block BFIS ឌុល 1991 B145 Or.7
មជ្ឈមណ្ឌលឯការនៃសាកលវិទ្យាល័យភូមិន្ទកសិកម្មចំការដូង

Powered by Koha